000 01497nam a2200193 a 4500
001 000047651
005 20201002060646.0
008 180713s2017 000 spa d
040 _aDO-SdBNP
_bspa
_cBNPHU
082 _a001.42
_bU588m
110 2 _aUniversidad Católica Santo Domingo
_bRepública Dominicana
_911141
245 1 0 _aManual de instrucciones para elaborar el proyecto y la tesis de grado.
260 _aSanto Domingo :
_bUniversidad Católica Santo Domingo,
_c2017.
300 _a59 p. ;
_c21 cm.
505 0 _aIntroducción --
_tEl proyectode investigación --
_tElección y definición de tema de investigación --
_tPlantiamiento del problema de investigación --
_tFormulación y sistematización del problema --
_tObjetivos de la investigación --
_tJustificación de la investigación --
_tElaboración del marco de referencia de la investigación --
_tAspectos metodológicos --
_tDiseño de investigación --
_tTipo de estudio o alcance de la investigación --
_tMétodos de investigación --
_tPoblación y mustra --
_tFuentes de información --
_tTécnicas de investigación --
_tTratamiento de la información --
_tBibliografía --
_tIndicaciones para desarrollar la investigación --
_tNormas para la presentación del informe de investigación--
_tNormas de estilo para elaborar el informe de investigación --
_tBibliografía --
_tAnexos.
590 _aInventariado, 2018/VM
650 4 _aInvestigación científica
_vMANUALES
_910507
650 4 _aMetodología científica
_vMANUALES
_910508
999 _c47139
_d47139